| 000 | 00847nam a2200169Ia 4500 | ||
|---|---|---|---|
| 005 | 20250728154341.0 | ||
| 008 | 250728s9999 xx 000 0 und d | ||
| 020 | _a9780521003438 | ||
| 082 |
_a951.249 _bEDM |
||
| 100 | _aEdmonds, Richard Louis | ||
| 245 | 0 | _aTaiwan in the Twentieth Century | |
| 260 |
_bCambridge University Press _c2001 |
||
| 300 | _a216 pages | ||
| 500 | _aThis book brings together a group of experts on Taiwan who attempt to analyse change on this dynamic island during the whole of the twentieth century. Thus in contrast to many works on Taiwan, this book shows just how important the Japanese colonial antecedents were to the formation of today's Taiwan and help us to understand the complexity of the problems this island will face in the twenty-first century. | ||
| 650 | _aBusiness & Economics | ||
| 942 | _cENGLISH | ||
| 999 |
_c577706 _d577706 |
||